Les Prix Goncourt adaptés au cinéma - Statistiques

Statistiques générales
  • Ce quiz a été pris 45 fois
  • Le résultat moyen est 8 sur 22
Statistiques - réponses
Année du livre Auteur Année du film Réalisateur Film % Correct
2013 Pierre Lemaitre 2017 Albert Dupontel Au revoir {là-haut}
90%
1975 Romain Gary 1977 Moshé Mizrahi La vie {devant} soi
80%
2016 Leïla Slimani 2019 Lucie Borleteau Chanson {douce}
78%
1984 Marguerite Duras 1992 Jean-Jacques Annaud L'{Amant}
63%
1952 Béatrix Beck 1961 Jean-Pierre Melville Léon Morin, {prêtre}
58%
1994 Didier Van Cauwelaert 2000 Laurent Heynemann Un aller {simple}
58%
1970 Michel Tournier 1996 Volker Schlöndorff Le roi des {Aulnes}
45%
1934 Roger Vercel 1996 Bertrand Tavernier Capitaine {Conan}
40%
1985 Yann Queffélec 1987 Marion Hansel Les noces {barbares}
38%
1956 Romain Gary 1958 John Huston Les {racines} du ciel
38%
1966 Edmonde Charles-Roux 1990 Francesco Rosi Oublier {Palerme}
30%
1974 Pascal Lainé 1976 Claude Goretta La {Dentellière}
28%
1949 Robert Merle 1964 Henri Verneuil Week-end à {Zuydcoote}
25%
1969 Félicien Marceau - titre original Creezy 1973 Pierre Granier-Deferre La race des {seigneurs}
23%
1987 Tahar Ben Jelloun 1992 Nicolas Klotz La nuit {sacrée}
15%
1948 Maurice Druon 1958 Denys de la Patellière Les grandes {familles}
15%
1925 Maurice Genevoix 1945 Jacques Daroy R {Raboliot}
15%
1925 Maurice Genevoix 2008 Jean-Daniel Verhaeghe R {Raboliot}
15%
1928 Maurice Constantin-Weyer 1958 Willy Rozier Un homme se penche sur son {passé}
13%
1957 Roger Vailland 1958 Jules Dassin La {Loi}
10%
1964 Georges Conchon 1978 Francis Girod L'Etat {sauvage}
10%
1935 Joseph Peyré 1954 Ricardo Munoz Suay / Georges Rouquier Sang et {Lumières}
0%
Aucun quiz correspondant
Distribution des résultats
% des personnes avec chaque résultat
Percentile par nombre de réponses
Votre historique - résultats
Vous n’avez pas pris ce quiz